| 000 | 01084nam a22003257a 4500 | ||
|---|---|---|---|
| 003 | CHAP | ||
| 005 | 20220329135531.0 | ||
| 008 | 971013s1985 r 00010 d | ||
| 010 | _a38126 | ||
| 011 | _a39098 | ||
| 035 | _a43218 | ||
| 040 | _cCHAP | ||
| 090 | _aTesis | ||
| 100 | 0 | 0 |
_aQuiroz Pérez, Héctor Manuel. _993528 |
| 245 | _aEnraizamiento de estacas de durazno (Prunus persica L. Batsch cv June gold) en cama caliente | ||
| 260 |
_aChapingo, Méx. : _bEl autor, _c1985 |
||
| 300 |
_a71 h. _b; gráfs. |
||
| 502 | _aTesis (Ing. Agr. Esp. en Fitotecnia) -- UACH. Departamento de Fitotecnia | ||
| 590 |
_aALEPH _b10 _c20130110 _lUCH01 _h1304 |
||
| 590 |
_aBATCH-UPD _b10 _c20130110 _lUCH01 _h1709 |
||
| 590 |
_aBATCH-UPD _b10 _c20130410 _lUCH01 _h1055 |
||
| 590 |
_aBATCH-UPD _b10 _c20130914 _lUCH01 _h1224 |
||
| 590 |
_aCONVERSION _b10 _c20130109 _lUCH01 _h1321 |
||
| 650 | 1 | 4 |
_aDurazno _xPropagación. _934623 |
| 650 | 1 | 4 |
_aDurazno _xVariedades. _934631 |
| 650 | 1 | 4 |
_aEnraizamiento. _937013 |
| 901 | _aBK | ||
| 942 | _cTESIS | ||
| 949 |
_bBC _cTES _d-99176 _eTS1 _h17822 _i43218 _si |
||
| 999 |
_c38126 _d38126 |
||